Największe państwa na świecie. - Statystyki

Ogólne statystyki
  • Ten quiz został rozwiązany 125 razy
  • Średni wynik to 19 z 25
Statystyki odpowiedzi
Powierzchnia w km2 Odpowiedź % Poprawnych
9,6 mln km2 Chiny
100%
17,1 mln km2 Rosja
100%
10 mln km2 Kanada
99%
9,5 mln km2 Stany zjednoczone
98%
8,5 mln km2 Brazylia
96%
7,7 mln km2 Australia
93%
2,8 mln km2 Argentyna
90%
3,3 mln km2 Indie
90%
2,7 mln km2 Kazachstan
90%
1,96 mln km2 Meksyk
88%
1,21 mln km2 Południowa Afryka
79%
1,56 mln km2 Mongolia
77%
2,3 mln km2 Demokratyczna Republika Konga
76%
2,1 mln km2 Arabia Saudyjska
70%
2,4 mln km2 Algieria
67%
1,9 mln km2 Indonezja
67%
1,86 mln km2 Sudan
63%
1,64 mln km2 Iran
62%
1,75 mln km2 Libia
57%
1,285 mln km2 Peru
56%
1,26 mln km2 Niger
54%
1,284 mln km2 Czad
51%
1,13 mln km2 Kolumbia
45%
1,24 mln km2 Mali
42%
1,246 mln km2 Angola
41%
Nie znaleziono quizów pasujących do podanych kryteriów
Rozkład punktacji
Procent ludzi z każdym wynikiem
Percentyl według liczby udzielonych odpowiedzi
Twoja historia wyników
Nie rozwiązałeś tego quizu